О времени запаздывания разряда в твердых диэлектриках; Тезисы докладов и сообщений Всесоюзной конференции по физике твердых и жидких диэлектриков

Podrobná bibliografie
Parent link:Тезисы докладов и сообщений Всесоюзной конференции по физике твердых и жидких диэлектриков.— 1956.— С. 47
Hlavní autor: Сончик К. К.
Jazyk:ruština
Vydáno: 1956
Témata:
Médium: MixedMaterials Kapitola
KOHA link:https://koha.lib.tpu.ru/cgi-bin/koha/opac-detail.pl?biblionumber=592410

MARC

LEADER 00000naa0a2200000 4500
001 592410
005 20250828160323.0
035 |a (RuTPU)RU\TPU\tpu\4424 
090 |a 592410 
100 |a 20011210d1956 k||y0rusy50 ca 
101 0 |a rus 
102 |a RU 
200 1 |a О времени запаздывания разряда в твердых диэлектриках  |f К. К. Сончик 
463 1 |t Тезисы докладов и сообщений Всесоюзной конференции по физике твердых и жидких диэлектриков  |v С. 47  |d 1956 
610 1 |a электричество 
610 1 |a труды учёных ТПУ 
610 1 |a диэлектрики 
610 1 |a пробой 
700 1 |a Сончик  |b К. К. 
801 0 |a RU  |b 63413507  |c 20011210  |g PSBO 
801 2 |a RU  |b 63413507  |c 20071201  |g PSBO 
942 |c BK